000 00614nam a22001817a 4500
005 20251108170946.0
008 250721s1984 xx 000 0 ara d
082 1 4 _aم/414/عسك
100 1 _aالعسكري، أبو هلال الحسن بن عبد الله سهل بن سعيد
245 1 0 _aكتاب الصناعتين :
_bالكتابة و الشعر /
264 1 _aبيروت :
_bدار الكتب العلمية،
_c1984.
300 _a528ص
650 1 7 _aاللغة العربية
650 1 7 _aالبلاغة
700 1 _aقميحة، مفيد
_eتحقيق
942 _2ddc
_cREF
999 _c53076
_d53076